[Event "LYM - Open Général"]
[Site "Lausanne - Casino de Montbenon"]
[Date "2005.09.18"]
[Round "5"]
[White "Philippe, Christophe"]
[Black "Safranska, Anda"]
[Result "1/2-1/2"]
[WhiteElo "2411"]
[BlackElo "2291"]
[PlyCount "122"]
[EventDate "2005.09.17"]
[SourceDate "2005.09.17"]

1. e4 g6 2. d4 Bg7 3. Nc3 c6 4. Nf3 d6 5. Be2 Nf6 6. O-O O-O 7. h3 b5 8. a3 a6
9. Be3 Qc7 10. Qd2 Nbd7 11. Bh6 e5 12. Bxg7 Kxg7 13. Rad1 Re8 14. dxe5 dxe5 15.
Qe3 Qa7 16. Qg5 h6 17. Qh4 Qc5 18. Rd3 Qe7 19. Rfd1 Bb7 20. Rd6 Rac8 21. Nh2
Rc7 22. Nf1 Nc5 23. Bf3 Ne6 24. Ne2 c5 25. Rb6 Ng5 26. Ne3 Nfxe4 27. Bxe4 Bxe4
28. Qg3 Rd7 29. Rxd7 Qxd7 30. h4 Nh7 31. Nc3 Bb7 32. Rxb7 Qxb7 33. Nf5+ Kf8 34.
Nd6 Qe7 35. Nxe8 Kxe8 36. Qe3 h5 37. Ne4 c4 38. Qb6 Qxh4 39. Qb8+ Qd8 40. Qxe5+
Qe7 41. Qb8+ Kd7 42. f3 f5 43. Qb7+ Ke8 44. Qc6+ Kf7 45. Nd6+ Kg7 46. Kf2 Qa7+
47. Kf1 Nf6 48. a4 h4 49. Ne8+ Nxe8 50. Qxe8 Qd4 51. c3 Qd1+ 52. Kf2 Qd2+ 53.
Kg1 Qd1+ 54. Kh2 Qd6+ 55. Kh1 bxa4 56. Qxa4 h3 57. Qxc4 hxg2+ 58. Kxg2 Qd2+ 59.
Kh3 Qxb2 60. Qd4+ Kh7 61. Qh4+ Kg7 1/2-1/2

[Event "LYM - Open Général"]
[Site "Lausanne - Casino de Montbenon"]
[Date "2005.09.19"]
[Round "6"]
[White "Hauchard, Arnaud"]
[Black "Gouliev, Namig"]
[Result "1/2-1/2"]
[WhiteElo "2490"]
[BlackElo "2555"]
[PlyCount "27"]
[EventDate "2005.09.17"]
[SourceDate "2005.09.17"]

1. d4 d5 2. c4 dxc4 3. e3 Nf6 4. Bxc4 e6 5. Nf3 c5 6. O-O a6 7. dxc5 Bxc5 8.
Qxd8+ Kxd8 9. b3 Ke7 10. Bb2 Nbd7 11. Nbd2 b6 12. Rac1 Bb7 13. Rfd1 Rac8 14.
Be2 1/2-1/2

[Event "LYM - Open Général"]
[Site "Lausanne - Casino de Montbenon"]
[Date "2005.09.19"]
[Round "6"]
[White "Miezis, Normunds"]
[Black "Fridman, Daniel"]
[Result "1/2-1/2"]
[WhiteElo "2527"]
[BlackElo "2566"]
[PlyCount "20"]
[EventDate "2005.09.17"]
[SourceDate "2005.09.17"]

1. c4 c6 2. e4 d5 3. exd5 Nf6 4. d4 cxd5 5. Nc3 e6 6. Nf3 Bb4 7. Bd3 dxc4 8.
Bxc4 Nbd7 9. O-O Bxc3 10. bxc3 Qc7 1/2-1/2

[Event "LYM - Open Général"]
[Site "Lausanne - Casino de Montbenon"]
[Date "2005.09.19"]
[Round "6"]
[White "Berkes, Ferenc"]
[Black "Wohl, Alexandar"]
[Result "1-0"]
[WhiteElo "2619"]
[BlackElo "2403"]
[PlyCount "109"]
[EventDate "2005.09.17"]
[SourceDate "2005.09.17"]

1. d4 Nf6 2. c4 e6 3. Nc3 Bb4 4. f3 d5 5. a3 Be7 6. e4 dxe4 7. fxe4 e5 8. d5
O-O 9. Nf3 Nbd7 10. Be2 a5 11. Qc2 c6 12. O-O Qb6+ 13. Kh1 Ng4 14. Rb1 Nf2+ 15.
Rxf2 Qxf2 16. b4 axb4 17. axb4 Qa7 18. c5 Bxc5 19. bxc5 Qxc5 20. Qd3 Ra5 21.
Be3 Qa3 22. Nd2 cxd5 23. exd5 Nc5 24. Qc2 Bf5 25. Qxf5 Qxc3 26. Bxc5 Rxc5 27.
Ne4 Qc2 28. Rf1 Qxe2 29. Nxc5 g6 30. Qf6 Qb5 31. Ne6 Qxf1+ 32. Qxf1 fxe6 33.
Qd1 exd5 34. Qxd5+ Rf7 35. g4 h6 36. h4 Kg7 37. Qxe5+ Kh7 38. Kg2 Kg8 39. Kg3
Kh7 40. Qe6 Kg7 41. Qe8 Rf8 42. Qe5+ Kg8 43. Qe4 Kg7 44. Qxb7+ Rf7 45. Qb2+ Kh7
46. Qe5 Kg8 47. h5 gxh5 48. Qxh5 Rf6 49. Kh4 Kh7 50. Qe5 Rg6 51. Qe7+ Rg7 52.
Qe4+ Kh8 53. Kh5 Rg5+ 54. Kxh6 Rg6+ 55. Kxg6 1-0

[Event "LYM - Open Général"]
[Site "Lausanne - Casino de Montbenon"]
[Date "2005.09.19"]
[Round "6"]
[White "Petrosian, Tigran L."]
[Black "Kunin, Vitaly"]
[Result "1-0"]
[WhiteElo "2581"]
[BlackElo "2448"]
[PlyCount "89"]
[EventDate "2005.09.17"]
[SourceDate "2005.09.17"]

1. e4 d6 2. d4 Nf6 3. Nc3 e5 4. Nf3 Nbd7 5. Bc4 Be7 6. O-O O-O 7. h3 c6 8. a4
a5 9. Re1 h6 10. b3 Nh7 11. Ba3 Ng5 12. Nh2 Kh8 13. Ng4 Qe8 14. Bf1 Ne6 15. d5
Nec5 16. Ne3 Nf6 17. Nc4 cxd5 18. exd5 Nfd7 19. Nb5 Qd8 20. Nbxd6 b6 21. Qh5
Kg8 22. Nxc8 Rxc8 23. Rad1 e4 24. g3 g6 25. Qe2 f5 26. Bb2 Bf6 27. Bxf6 Qxf6
28. Qe3 f4 29. Qxf4 Qxf4 30. gxf4 Rxf4 31. Rd2 Kg7 32. Bg2 Rcf8 33. Re3 R8f5
34. Rc3 Na6 35. Nxb6 Nxb6 36. Rc6 e3 37. fxe3 Rb4 38. Rd4 Rxd4 39. exd4 Nb4 40.
Rxb6 Nxc2 41. Be4 Rg5+ 42. Kf2 Nxd4 43. d6 Kf6 44. d7+ Ke7 45. d8=Q+ 1-0

[Event "LYM - Open Général"]
[Site "Lausanne - Casino de Montbenon"]
[Date "2005.09.19"]
[Round "6"]
[White "Dunis, Aurelien"]
[Black "Lazarev, Vladimir"]
[Result "1/2-1/2"]
[WhiteElo "2485"]
[BlackElo "2518"]
[PlyCount "28"]
[EventDate "2005.09.17"]
[SourceDate "2005.09.17"]

1. d4 Nf6 2. c4 e6 3. Nf3 d5 4. g3 Bb4+ 5. Bd2 Be7 6. Bg2 O-O 7. O-O c6 8. Qc2
Nbd7 9. Rd1 b6 10. Bf4 Ba6 11. b3 Rc8 12. Nc3 h6 13. e4 dxc4 14. h3 b5 1/2-1/2

[Event "LYM - Open Général"]
[Site "Lausanne - Casino de Montbenon"]
[Date "2005.09.19"]
[Round "6"]
[White "Flumbort, Andras"]
[Black "Ghaem Maghami, Ehsan"]
[Result "1/2-1/2"]
[WhiteElo "2448"]
[BlackElo "2603"]
[PlyCount "69"]
[EventDate "2005.09.17"]
[SourceDate "2005.09.17"]

1. d4 d6 2. Nf3 g6 3. c4 Bg7 4. Nc3 c5 5. d5 Nf6 6. e4 Bg4 7. Be2 O-O 8. h3
Bxf3 9. Bxf3 a6 10. a4 Qc7 11. O-O e6 12. Qc2 exd5 13. exd5 Re8 14. Bd2 Nbd7
15. Rfe1 h6 16. Rxe8+ Rxe8 17. Re1 Qb8 18. b3 Nh7 19. Rxe8+ Qxe8 20. Qe4 Qd8
21. Bd1 Kf8 22. Bc2 Qe7 23. Qxe7+ Kxe7 24. f4 h5 25. Kf2 Bh6 26. g4 hxg4 27.
hxg4 Bg7 28. a5 Bd4+ 29. Kf3 Nhf6 30. g5 Nh5 31. Na4 Ng7 32. Kg4 Ke8 33. Bd3
Ke7 34. Bc2 Ke8 35. Bd3 1/2-1/2

[Event "LYM - Open Général"]
[Site "Lausanne - Casino de Montbenon"]
[Date "2005.09.19"]
[Round "6"]
[White "Malakhatko, Vadim"]
[Black "Marzolo, Cyril"]
[Result "1/2-1/2"]
[WhiteElo "2556"]
[BlackElo "2388"]
[PlyCount "91"]
[EventDate "2005.09.17"]
[SourceDate "2005.09.17"]

1. d4 Nf6 2. c4 g6 3. Nc3 Bg7 4. e4 d6 5. Nf3 O-O 6. Be2 Bg4 7. Be3 Nfd7 8. Qb3
Bxf3 9. Bxf3 Nc6 10. Rd1 e5 11. dxe5 Ncxe5 12. Be2 Qc8 13. f3 Nc5 14. Qc2 Nc6
15. O-O f5 16. exf5 Qxf5 17. Qd2 Rf7 18. Nd5 a5 19. b3 Re8 20. Rfe1 Nb4 21. Bf2
Qc2 22. Bf1 Rxe1 23. Qxe1 Ncd3 24. Bxd3 Nxd3 25. Qd2 Qxd2 26. Rxd2 Nb4 27. a3
Nxd5 28. cxd5 Kf8 29. Be3 Ke8 30. Kf2 Kd7 31. g3 Rf8 32. a4 Rb8 33. Rd3 c5 34.
dxc6+ bxc6 35. Bf4 Bf8 36. Bd2 Ra8 37. f4 c5 38. g4 Kc6 39. Rf3 Bg7 40. Ke2 Kd5
41. f5 gxf5 42. gxf5 Bf6 43. Rd3+ Bd4 44. Rf3 Bf6 45. Rd3+ Bd4 46. Rf3 1/2-1/2

[Event "LYM - Open Général"]
[Site "Lausanne - Casino de Montbenon"]
[Date "2005.09.19"]
[Round "6"]
[White "Meijers, Viesturs"]
[Black "Ginsburg, Gennadij"]
[Result "1/2-1/2"]
[WhiteElo "2479"]
[BlackElo "2513"]
[PlyCount "119"]
[EventDate "2005.09.17"]
[SourceDate "2005.09.17"]

1. e4 c5 2. Nf3 d6 3. d4 cxd4 4. Nxd4 Nf6 5. Nc3 a6 6. Be2 g6 7. Be3 Bg7 8. Qd2
Nc6 9. h3 O-O 10. O-O Bd7 11. f4 Nxd4 12. Bxd4 Bc6 13. Bf3 Nd7 14. Bxg7 Kxg7
15. Kh1 Qb6 16. Rab1 a5 17. Ne2 Nf6 18. Ng3 Rfd8 19. c4 Qc5 20. b3 b5 21. Rbc1
b4 22. Qb2 e5 23. Qd2 exf4 24. Qxf4 Qe5 25. Be2 Qxf4 26. Rxf4 Nd7 27. Rcf1 Ne5
28. Rd1 a4 29. Rd2 axb3 30. axb3 Ra3 31. Bd1 Ra1 32. Kh2 Rb1 33. Rff2 h5 34.
Rfe2 h4 35. Nh1 Kf6 36. Nf2 Ke7 37. Rd4 Rc1 38. Red2 g5 39. Kg1 f6 40. Kf1 Be8
41. Ke1 Bg6 42. Ra2 f5 43. exf5 Bxf5 44. Ra6 Be6 45. Rb6 d5 46. Rb7+ Kf6 47.
Kd2 Ra1 48. Ne4+ Kf5 49. Bc2 Nc6 50. Nf2+ Ke5 51. Rd3 dxc4 52. Rb5+ Kf4 53.
Rxd8 Nxd8 54. bxc4 Nc6 55. Nd3+ Kg3 56. Rxg5+ Kh2 57. Rg6 Nd4 58. Nxb4 Bxc4 59.
Rg4 Nxc2 60. Rxc4 1/2-1/2

[Event "LYM - Open Général"]
[Site "Lausanne - Casino de Montbenon"]
[Date "2005.09.19"]
[Round "6"]
[White "Kengis, Edvins"]
[Black "Zozulia, Anna"]
[Result "1/2-1/2"]
[WhiteElo "2534"]
[BlackElo "2314"]
[PlyCount "107"]
[EventDate "2005.09.17"]
[SourceDate "2005.09.17"]

1. Nf3 Nf6 2. g3 g6 3. Bg2 Bg7 4. c4 O-O 5. d4 d6 6. O-O c6 7. Nc3 Qa5 8. e4 e5
9. h3 Nbd7 10. Re1 b5 11. cxb5 cxb5 12. Bd2 a6 13. a4 bxa4 14. Nxa4 Qb5 15. b4
Qb8 16. Bc3 Bb7 17. d5 Rc8 18. Nd2 Ne8 19. Nb3 Nc7 20. h4 Nb5 21. Bb2 Rc7 22.
Bh3 Bc8 23. Na5 Nb6 24. Bxc8 Nxa4 25. Qxa4 Qxc8 26. Nc6 Bh6 27. Ra2 Bd2 28.
Rea1 Bc3 29. Kg2 Bxb2 30. Rxb2 Rxc6 31. dxc6 Qxc6 32. Qc2 Qb7 33. Qc4 Rc8 34.
Qd5 Qb6 35. Rd2 Rc6 36. f3 h5 37. Rf2 Kg7 38. Qd3 Nd4 39. f4 Qxb4 40. Rb1 Qa5
41. fxe5 dxe5 42. Rb7 Rc7 43. Rxc7 Qxc7 44. Qxa6 Ne6 45. Qb5 Qd6 46. Qd5 Qc7
47. Rb2 Nd4 48. Rb7 Qc2+ 49. Kh3 Qc8+ 50. Rd7 Qe8 51. Kg2 Qe6 52. Qxe6 Nxe6 53.
Rd5 Kf6 54. Ra5 1/2-1/2

[Event "LYM - Open Général"]
[Site "Lausanne - Casino de Montbenon"]
[Date "2005.09.19"]
[Round "6"]
[White "Krivoshey, Sergei"]
[Black "Phillips, Roy"]
[Result "1-0"]
[WhiteElo "2500"]
[BlackElo "2212"]
[PlyCount "109"]
[EventDate "2005.09.17"]
[SourceDate "2005.09.17"]

1. d4 Nf6 2. Nf3 g6 3. c4 Bg7 4. Nc3 O-O 5. e4 d6 6. Be2 e5 7. O-O Nc6 8. d5
Ne7 9. Ne1 Ne8 10. Be3 f5 11. f3 Kh8 12. Nd3 f4 13. Bf2 g5 14. c5 Ng8 15. a4
Ngf6 16. c6 bxc6 17. Nb4 c5 18. Nc6 Qd7 19. b4 cxb4 20. Nxb4 Rg8 21. Nc6 a6 22.
Na7 Rxa7 23. Bxa7 c5 24. Bb8 Bf8 25. h3 h5 26. Kf2 Rg6 27. Ke1 g4 28. hxg4 hxg4
29. Kd2 Kg8 30. Rh1 Rg5 31. Qb3 Nh5 32. Qb6 Ng3 33. Rh2 Rg7 34. Rb1 Be7 35.
Bxa6 Bd8 36. Bxc8 Bxb6 37. Bxd7 Rxd7 38. Rxb6 Nf1+ 39. Ke2 Nxh2 40. a5 gxf3+
41. gxf3 Rg7 42. Nd1 Rg3 43. Rb3 c4 44. Ra3 Nf6 45. Bxd6 Rg2+ 46. Nf2 Nh5 47.
a6 Ng3+ 48. Ke1 c3 49. Rxc3 Rg1+ 50. Kd2 Ra1 51. Ra3 Nxf3+ 52. Rxf3 Rxa6 53.
Bxe5 Ra2+ 54. Kd1 Nf1 55. Bxf4 1-0

[Event "LYM - Open Général"]
[Site "Lausanne - Casino de Montbenon"]
[Date "2005.09.19"]
[Round "6"]
[White "Sulava, Nenad"]
[Black "Duratti, Lindo"]
[Result "1-0"]
[WhiteElo "2485"]
[BlackElo "2210"]
[PlyCount "61"]
[EventDate "2005.09.17"]
[SourceDate "2005.09.17"]

1. Nf3 Nf6 2. c4 e6 3. d4 b6 4. e3 Bb7 5. Bd3 Be7 6. Nc3 d5 7. cxd5 exd5 8.
Qa4+ c6 9. O-O O-O 10. Ne5 c5 11. Bd2 Qc8 12. Rac1 Nc6 13. Bb1 Qe6 14. Nd3 Bd6
15. dxc5 bxc5 16. Nf4 Qe5 17. Nb5 Be7 18. Nd3 Qh5 19. Nxc5 Bxc5 20. Rxc5 Ne5
21. Nd6 Ba6 22. Rfc1 Bd3 23. Bc2 Qe2 24. Ba5 g5 25. Re1 Qh5 26. Bd1 Qg6 27. Bc3
Nfd7 28. Rxd5 Nb6 29. Qd4 Nxd5 30. Qxd5 Nd7 31. e4 1-0

[Event "LYM - Open Général"]
[Site "Lausanne - Casino de Montbenon"]
[Date "2005.09.19"]
[Round "7"]
[White "Gouliev, Namig"]
[Black "Berkes, Ferenc"]
[Result "1/2-1/2"]
[WhiteElo "2555"]
[BlackElo "2619"]
[PlyCount "42"]
[EventDate "2005.09.17"]
[SourceDate "2005.09.17"]

1. e4 c5 2. Nf3 e6 3. d4 cxd4 4. Nxd4 Nc6 5. Nc3 Qc7 6. Be2 Nf6 7. O-O a6 8.
Be3 d6 9. f4 Be7 10. Qe1 Nxd4 11. Bxd4 b5 12. a3 Bb7 13. Qg3 Nxe4 14. Qxg7 Kd7
15. Qxf7 Rhg8 16. Bf3 Raf8 17. Qxh7 Nd2 18. Bxb7 Qxb7 19. g3 Nf3+ 20. Rxf3 Qxf3
21. Rf1 Qg4 1/2-1/2

[Event "LYM - Open Général"]
[Site "Lausanne - Casino de Montbenon"]
[Date "2005.09.19"]
[Round "7"]
[White "Brendel, Olivier"]
[Black "Meijers, Viesturs"]
[Result "0-1"]
[WhiteElo "2343"]
[BlackElo "2479"]
[PlyCount "66"]
[EventDate "2005.09.17"]
[SourceDate "2005.09.17"]

1. e4 c5 2. Nf3 e6 3. d4 cxd4 4. Nxd4 a6 5. Nc3 d6 6. Be3 Nd7 7. Qd2 b6 8. f3
Bb7 9. g4 b5 10. O-O-O Ne7 11. Kb1 Nc8 12. Bd3 Ncb6 13. Rhe1 Ne5 14. g5 Nec4
15. Bxc4 Nxc4 16. Qd3 Rc8 17. Bc1 Be7 18. f4 b4 19. Nce2 Qc7 20. Ng3 g6 21. b3
Na3+ 22. Bxa3 bxa3 23. c4 e5 24. Ndf5 gxf5 25. exf5 f6 26. Nh5 O-O 27. Rg1 fxg5
28. fxg5 Bd8 29. f6 Kh8 30. g6 hxg6 31. Rxg6 Qh7 32. Rdg1 Bxf6 33. Ng3 Rg8 0-1

[Event "LYM - Open Général"]
[Site "Lausanne - Casino de Montbenon"]
[Date "2005.09.19"]
[Round "7"]
[White "Lazarev, Vladimir"]
[Black "Flumbort, Andras"]
[Result "1/2-1/2"]
[WhiteElo "2518"]
[BlackElo "2448"]
[PlyCount "67"]
[EventDate "2005.09.17"]
[SourceDate "2005.09.17"]

1. Nf3 c5 2. c4 Nc6 3. d4 cxd4 4. Nxd4 Nf6 5. Nc3 e6 6. a3 Bc5 7. Nb3 Be7 8. e4
b6 9. Be2 O-O 10. O-O Ba6 11. Be3 Ne5 12. Nd2 d6 13. f4 Ned7 14. b4 Bb7 15. Kh1
Rc8 16. Rc1 Re8 17. Bd3 Qc7 18. Nf3 Qb8 19. Qe2 Bf8 20. Bd2 g6 21. Rce1 Bg7 22.
Nd1 a6 23. Nf2 Nh5 24. g4 Nhf6 25. Kg1 Qa8 26. Bc1 d5 27. cxd5 exd5 28. e5 Ne4
29. Bb2 Nc3 30. Qd2 Ne4 31. Qe2 Nc3 32. Qd2 Ne4 33. Qe2 Nc3 34. Qd2 1/2-1/2

[Event "LYM - Open Général"]
[Site "Lausanne - Casino de Montbenon"]
[Date "2005.09.19"]
[Round "7"]
[White "Boidman, Yuri"]
[Black "Krivoshey, Sergei"]
[Result "1-0"]
[WhiteElo "2431"]
[BlackElo "2500"]
[PlyCount "119"]
[EventDate "2005.09.17"]
[SourceDate "2005.09.17"]

1. e4 e6 2. d4 d5 3. Nd2 c5 4. exd5 Qxd5 5. Ngf3 cxd4 6. Bc4 Qd6 7. O-O Nf6 8.
Nb3 Nc6 9. Nbxd4 Nxd4 10. Nxd4 Bd7 11. b3 a6 12. a4 Qc7 13. Bb2 Bd6 14. h3 O-O
15. Qf3 Bh2+ 16. Kh1 Bf4 17. Ne2 Bh6 18. Nd4 Rab8 19. Rad1 b5 20. axb5 axb5 21.
Bd3 Nd5 22. Nf5 exf5 23. Qxd5 Be6 24. Qe5 Qxe5 25. Bxe5 Rb7 26. Ra1 g6 27. Ra5
b4 28. Rfa1 Bg7 29. Bxg7 Kxg7 30. Ra7 Rxa7 31. Rxa7 Rb8 32. f4 Kf6 33. Kg1 h6
34. Kf2 g5 35. g3 Rb6 36. Ra6 Rxa6 37. Bxa6 Ke7 38. Ke3 Kd6 39. Kd4 f6 40. h4
Bf7 41. Bc4 Be8 42. Bd3 Bf7 43. Bxf5 Bg8 44. Be4 Bf7 45. c4 bxc3 46. Kxc3 Kc5
47. b4+ Kb6 48. Bd3 Be6 49. fxg5 fxg5 50. hxg5 hxg5 51. Kd4 Bd7 52. Ke5 Bc8 53.
Be2 Bd7 54. Kf6 g4 55. Kg5 Be6 56. Bxg4 Bc4 57. Bd7 Kc7 58. Be8 Kd8 59. Bc6 Kc7
60. b5 1-0

[Event "LYM - Open Général"]
[Site "Lausanne - Casino de Montbenon"]
[Date "2005.09.19"]
[Round "7"]
[White "Ghaem Maghami, Ehsan"]
[Black "Jessel, Stephen"]
[Result "1-0"]
[WhiteElo "2603"]
[BlackElo "2285"]
[PlyCount "79"]
[EventDate "2005.09.17"]
[SourceDate "2005.09.17"]

1. c4 e6 2. Nf3 d5 3. g3 dxc4 4. Qa4+ c6 5. Qxc4 b5 6. Qc2 Bb7 7. Bg2 Nf6 8.
O-O Nbd7 9. a4 a6 10. Nc3 Qb6 11. d3 Be7 12. Be3 c5 13. Qb3 b4 14. Nb1 Bd5 15.
Qc2 Qb7 16. Nbd2 Ng4 17. Nc4 Nxe3 18. Nxe3 Bc6 19. Nc4 a5 20. Ne1 Bd5 21. Ne3
Nb6 22. Nxd5 exd5 23. e4 Rd8 24. exd5 Nxd5 25. Nf3 Qc7 26. Nd2 O-O 27. Nb3 Bf6
28. Rac1 Qe5 29. Qxc5 Ne7 30. d4 Qe2 31. Rc2 Qe6 32. Qc4 Rc8 33. Qxe6 fxe6 34.
Re2 Kf7 35. Bh3 Rcd8 36. Bxe6+ Kg6 37. Re4 Nc6 38. d5 Ne7 39. Nxa5 Ra8 40. Nc6
1-0

[Event "LYM - Open Général"]
[Site "Lausanne - Casino de Montbenon"]
[Date "2005.09.19"]
[Round "7"]
[White "Dunis, Aurelien"]
[Black "Cornette, Matthieu"]
[Result "1-0"]
[WhiteElo "2485"]
[BlackElo "2391"]
[PlyCount "78"]
[EventDate "2005.09.17"]
[SourceDate "2005.09.17"]

1. d4 d5 2. c4 c6 3. Nc3 Nf6 4. e3 a6 5. Qc2 e6 6. Nf3 c5 7. cxd5 exd5 8. Be2
Nc6 9. O-O Be6 10. Ne5 Qc8 11. Rd1 Be7 12. Nxc6 Qxc6 13. dxc5 Bxc5 14. Na4 Be7
15. Qxc6+ bxc6 16. Bd2 c5 17. Bc3 c4 18. Bf3 Rd8 19. Be5 O-O 20. Nc3 Rd7 21.
Rd2 Rfd8 22. Rad1 Ng4 23. Nxd5 Nxe5 24. Nxe7+ Kf8 25. Rxd7 Rxd7 26. Rxd7 Bxd7
27. Nd5 Bc6 28. Nb4 Bxf3 29. gxf3 a5 30. Nd5 Nd3 31. Kf1 Nxb2 32. Ke2 Nd3 33.
a3 Ke8 34. Nb6 Ne5 35. f4 Nc6 36. Kd2 Ke7 37. Kc3 Ke6 38. Kxc4 Nd8 39. Kb5 Nb7
1-0

[Event "LYM - Open Général"]
[Site "Lausanne - Casino de Montbenon"]
[Date "2005.09.19"]
[Round "7"]
[White "Ginsburg, Gennadij"]
[Black "Gozzoli, Yannick"]
[Result "1/2-1/2"]
[WhiteElo "2513"]
[BlackElo "2444"]
[PlyCount "115"]
[EventDate "2005.09.17"]
[SourceDate "2005.09.17"]

1. e4 c5 2. Nf3 e6 3. d4 cxd4 4. Nxd4 a6 5. Bd3 Bc5 6. Nb3 Ba7 7. Nc3 Nc6 8.
O-O Nge7 9. Qe2 d6 10. Kh1 e5 11. f4 exf4 12. Bxf4 Ng6 13. Be3 Bxe3 14. Qxe3
O-O 15. Nd5 Be6 16. Nf4 Nxf4 17. Rxf4 Rc8 18. c3 Ne5 19. Be2 b5 20. Nd4 Qb6 21.
Qd2 Qc5 22. a3 Rfe8 23. Rd1 Nc4 24. Bxc4 bxc4 25. h3 Rb8 26. Rf2 h6 27. Qf4 Qe5
28. Nxe6 fxe6 29. Rxd6 Qxf4 30. Rxf4 Rxb2 31. e5 Rb3 32. Rxc4 Rxa3 33. Rc7 Kh7
34. Rdd7 Rg8 35. Re7 Kg6 36. Rxe6+ Kf5 37. Ree7 Ra5 38. Rc6 Rxe5 39. Rxe5+ Kxe5
40. Rxa6 Rc8 41. Rg6 Rxc3 42. Rxg7 Kf6 43. Rg8 Kf7 44. Rg4 Ra3 45. Kh2 Rb3 46.
h4 Ra3 47. g3 Ra1 48. Kh3 Rb1 49. Ra4 Rb5 50. Ra6 Kg7 51. Re6 Rb4 52. h5 Rb7
53. Kg4 Rf7 54. Rg6+ Kh7 55. Rd6 Kg7 56. Rd5 Rf1 57. Rd7+ Kg8 58. Rd8+ 1/2-1/2

[Event "LYM - Open Général"]
[Site "Lausanne - Casino de Montbenon"]
[Date "2005.09.19"]
[Round "7"]
[White "Kunin, Vitaly"]
[Black "Mamedjarova, Turkan"]
[Result "1-0"]
[WhiteElo "2448"]
[BlackElo "2208"]
[PlyCount "143"]
[EventDate "2005.09.17"]
[SourceDate "2005.09.17"]

1. d4 d5 2. c4 e6 3. Nc3 Nf6 4. Bg5 Be7 5. e3 O-O 6. Nf3 b6 7. Qb3 Bb7 8. cxd5
Nxd5 9. Bxe7 Qxe7 10. Be2 Nd7 11. O-O N7f6 12. Rac1 Nxc3 13. bxc3 Ne4 14. Bd3
c5 15. Qc2 f5 16. Qe2 Rad8 17. a4 Ba8 18. Ne5 Rf6 19. f3 Ng5 20. a5 bxa5 21.
Ra1 Qc7 22. Qa2 cxd4 23. cxd4 Nf7 24. Nxf7 Qxf7 25. Qxa5 Rf8 26. Qxa7 Qh5 27.
Qc7 Qg5 28. Qe5 Bd5 29. Rf2 Qh4 30. Ra7 R6f7 31. Rxf7 Rxf7 32. Rf1 Qf6 33. Qxf6
gxf6 34. e4 fxe4 35. fxe4 Bb7 36. Bc4 Bc8 37. Rb1 Rc7 38. Rb4 Kf7 39. Kf2 Ke7
40. Ke3 Ra7 41. Rb8 Rc7 42. Bd3 e5 43. d5 Rc5 44. Rb6 Bd7 45. Rb7 Kd6 46. Rb8
Rc8 47. Rb6+ Ke7 48. Rb7 Kd6 49. Bb5 Bxb5 50. Rxb5 Rc3+ 51. Kf2 Kc7 52. Ra5 Kb7
53. Ra2 h5 54. Re2 Kc7 55. Re3 Rc2+ 56. Kg3 Rc4 57. Kh4 f5 58. Kxh5 fxe4 59. g4
Kd6 60. g5 Kxd5 61. g6 Kd4 62. Rg3 Rc8 63. g7 Rg8 64. Kg6 e3 65. Kf7 e2 66. Rg1
Rc8 67. g8=Q Rxg8 68. Kxg8 Ke3 69. h4 Kf2 70. Ra1 e4 71. h5 e3 72. h6 1-0

[Event "LYM - Open Général"]
[Site "Lausanne - Casino de Montbenon"]
[Date "2005.09.19"]
[Round "7"]
[White "Petrosian, Tigran L."]
[Black "Miezis, Normunds"]
[Result "1-0"]
[WhiteElo "2581"]
[BlackElo "2527"]
[PlyCount "89"]
[EventDate "2005.09.17"]
[SourceDate "2005.09.17"]

1. e4 c5 2. Nc3 e6 3. Nf3 a6 4. g3 Nc6 5. Bg2 g6 6. d4 cxd4 7. Nxd4 Bg7 8. Nxc6
bxc6 9. O-O Ne7 10. Qd6 Bb7 11. Na4 Qb8 12. Qa3 Nc8 13. c4 d6 14. c5 O-O 15.
cxd6 Nxd6 16. Nb6 Nb5 17. Qa4 c5 18. Bf4 Qd8 19. Nxa8 Qxa8 20. Rac1 Nd4 21.
Rfe1 Bc6 22. Qa3 Bb5 23. Rxc5 Rd8 24. e5 Qa7 25. Be3 Qb8 26. Bxd4 Rxd4 27. Qc3
Rd8 28. Rc7 Bf8 29. Rb7 Qc8 30. Rc7 Qb8 31. Rb7 Qc8 32. Qxc8 Rxc8 33. Bf1 Bc6
34. Rb3 Bd5 35. Bxa6 Rc2 36. Rb8 Kg7 37. Bd3 Rd2 38. Be4 Bxa2 39. Rc1 Re2 40.
f3 Be7 41. Rc7 Bg5 42. Rbb7 Kg8 43. f4 Bh6 44. Bf3 Rd2 45. Rc8+ 1-0

[Event "LYM - Open Général"]
[Site "Lausanne - Casino de Montbenon"]
[Date "2005.09.19"]
[Round "7"]
[White "Fridman, Daniel"]
[Black "Hauchard, Arnaud"]
[Result "1-0"]
[WhiteElo "2566"]
[BlackElo "2490"]
[PlyCount "161"]
[EventDate "2005.09.17"]
[SourceDate "2005.09.17"]

1. d4 d5 2. c4 c6 3. e3 Bf5 4. cxd5 cxd5 5. Qb3 Qc7 6. Bd2 e6 7. Nf3 Nc6 8. Nc3
Nf6 9. Rc1 Nd7 10. Nh4 Bg6 11. Nxg6 hxg6 12. g3 Be7 13. Bg2 O-O 14. O-O Rfc8
15. e4 dxe4 16. Bxe4 Nf6 17. Bg2 Qb6 18. Qxb6 axb6 19. Be3 b5 20. a3 b4 21.
axb4 Bxb4 22. d5 exd5 23. Nxd5 Nxd5 24. Bxd5 Be7 25. Rfd1 Bf6 26. Rb1 Rd8 27.
b4 Rd7 28. b5 Ne5 29. Bb6 Rc8 30. Kg2 g5 31. h3 g6 32. Bb3 Kg7 33. Rxd7 Nxd7
34. Be3 Nc5 35. Bd5 b6 36. Bc6 Rd8 37. Rb4 Rb8 38. Rg4 Ne6 39. Bd5 Rd8 40. Bxe6
fxe6 41. Rb4 Be7 42. Rd4 Kf6 43. Kf3 Kf5 44. Ke2 Rxd4 45. Bxd4 Bd8 46. Kd3 e5
47. Be3 Kf6 48. Ke4 Ke6 49. Bc1 Be7 50. Bd2 Bd8 51. Be3 Kd6 52. Kf3 Kd5 53. Kg4
Kc4 54. Bxg5 Bxg5 55. Kxg5 Kxb5 56. Kxg6 Kc4 57. h4 b5 58. h5 b4 59. h6 b3 60.
h7 b2 61. h8=Q b1=Q+ 62. Kf6 Qb6+ 63. Kg5 Qd4 64. Qc8+ Kd3 65. f3 Ke3 66. Qf5
Kf2 67. g4 Kg3 68. Qe4 Qd8+ 69. Kf5 Qf8+ 70. Kxe5 Qe7+ 71. Kd4 Qb4+ 72. Kd5
Qb7+ 73. Kd6 Qb8+ 74. Kd7 Qb5+ 75. Ke7 Qc5+ 76. Kf7 Qc7+ 77. Kf6 Qd8+ 78. Qe7
Qh8+ 79. Kf5 Qc8+ 80. Qe6 Qc2+ 81. Kf6 1-0